Bocadillos de delfín (Record no. 188899)

MARC details
000 -LEADER
campo de control de longitud fija 00819nam a2200253 i 4500
001 - NÚMERO DE CONTROL
campo de control 188899
003 - IDENTIFICADOR DE NÚMERO DE CONTROL
campo de control SpMaBN
005 - FECHA Y HORA DE LA ÚLTIMA TRANSACCIÓN
campo de control 20240102165825.0
008 - DATOS DE LONGITUD FIJA--INFORMACIÓN GENERAL
campo de control de longitud fija 190221s1996 sp a |||| | spa d
020 ## - NÚMERO INTERNACIONAL ESTÁNDAR DEL LIBRO
Número Internacional Estándar del Libro 84-253-3028-9
080 ## - NÚMERO DE LA CLASIFICACIÓN DECIMAL UNIVERSAL
Número de la Clasificación Decimal Universal 659.1(460)
100 1# - ENTRADA PRINCIPAL--NOMBRE DE PERSONA
Nombre de persona Marchamalo, Jesús.
9 (RLIN) 147270
245 10 - MENCIÓN DEL TÍTULO
Título Bocadillos de delfín
Resto del título : anuncios y vida cotidiana en la España de la postguerra /
Mención de responsabilidad, etc. Jesús Marchamalo.
250 ## - MENCION DE EDICION
Mención de edición 1ª ed.
260 ## - PUBLICACIÓN, DISTRIBUCIÓN, ETC.
Lugar de publicación, distribución, etc. Barcelona :
Nombre del editor, distribuidor, etc. Grijalbo,
Fecha de publicación, distribución, etc. 1996.
300 ## - DESCRIPCIÓN FÍSICA
Extensión 223 p. :
Otras características físicas il. n. ;
Dimensiones 23 cm.
490 1# - MENCIÓN DE SERIE
Mención de serie Hojas nuevas
504 ## - NOTA DE BIBLIOGRAFÍA, ETC.
Nota de bibliografía, etc. Bibliografía: p. 221-223.
650 #7 - PUNTO DE ACCESO ADICIONAL DE MATERIA--TÉRMINO DE MATERIA
Término de materia o nombre geográfico como elemento de entrada Publicidad-
Subdivisión geográfica España-
Subdivisión de forma Historia.
9 (RLIN) 166431
830 0# - PUNTO DE ACCESO ADICIONAL DE SERIE-TÍTULO UNIFORME
Título uniforme Hojas nuevas
9 (RLIN) 178637
852 ## - LOCALIZACIÓN
Ubicación ES-MaACL
Número de control de estantería A-14392
itemnumber 196033
Sublocalización o colección R.151722
Ubicación en estantería Depósito 1
Signatura antigua Olim: N-7392
942 ## - ELEMENTOS DE ENTRADA SECUNDARIOS (KOHA)
Fuente del sistema de clasificación o colocación Clasificación decimal universal
Tipo de ítem Koha Libro impreso
Holdings
Estatus retirado Estado de pérdida Fuente del sistema de clasificación o colocación Estado de daño No para préstamo Biblioteca de origen Biblioteca actual Ubicación en estantería Fecha de adquisición Fuente de adquisición Total de préstamos Signatura topográfica completa Código de barras Visto por última vez Precio de reemplazo Tipo de ítem Koha
    Clasificación decimal universal     Biblioteca del Ateneo de Madrid Biblioteca del Ateneo de Madrid Depósito 1 21/02/2019 Donación   A-14392 1200036 23/02/2023 23/02/2023 Libro impreso